La ruta de los vengadores /
Dorian Courtney y su hijo Mansur se embarcan con rumbo a los puertos del Océano Índico a vender el cargamento de marfil que han conseguido en sus cacerías. Al ser derrocado su hermanastro del trono de Omán, Dorian acude al llamado de los revolucionarios. La lucha por el poder desemboca en una gran b...
Guardado en:
| Autor Principal: | |
|---|---|
| Formato: | Libro |
| Publicado: |
Buenos Aires :
Emecé,
2008.
|
| Materias: | |
| Etiquetas: |
Agregar Etiqueta
Sin Etiquetas, Sea el primero en etiquetar este registro!
|
| LEADER | 00995nam a22002175a 4500 | ||
|---|---|---|---|
| 001 | CEM.cems020103 | ||
| 008 | 230517s2008####ag############000#0#####d | ||
| 005 | 20230517100320.0 | ||
| 245 | 1 | 0 | |a La ruta de los vengadores / |c Wilbur Smith. |
| 260 | |a Buenos Aires : |b Emecé, |c 2008. | ||
| 300 | |a 312 p. | ||
| 520 | |a Dorian Courtney y su hijo Mansur se embarcan con rumbo a los puertos del Océano Índico a vender el cargamento de marfil que han conseguido en sus cacerías. Al ser derrocado su hermanastro del trono de Omán, Dorian acude al llamado de los revolucionarios. La lucha por el poder desemboca en una gran batalla en la que los miembros del clan Courtney despliegan todo su ingenio y valentía | ||
| 020 | |a 9789500429894 | ||
| 100 | 1 | |a Smith, Wilbur | |
| 082 | 0 | 4 | |a 813.4 |
| 653 | |a Literatura | ||
| 653 | |a Literatura norteamericana | ||
| 653 | |a Literatura eeuu | ||
| 653 | |a Novelas | ||
| 653 | |a Novela norteamericana | ||
| 859 | |a CEMS |b BIB. CEMS - Agricultura |h 813.4 |i Sm511-2 |p A83604.23 |t Ej.1 | ||
